000 00510nam a2200169Ia 4500
999 _c29555
_d29555
003 OSt
005 20210112103624.0
008 190216s9999||||xx |||||||||||||| ||und||
040 _coclc
082 _a150
_bREN/V
100 _aRenjith, M S
_98205
245 0 _aVijayathinte Rehasyam :
_bSafalamakuvan Swapnamullavarkku /
_cM S Renjith
260 _bDoctors Publications,
_aThiruvananthapuram:
_c2008.
300 _a64p
650 _aPadanam
942 _cBK
_2ddc
_h150
_iREN/V
_k150
_mREN/V